| 000 | 00361 a2200133 4500 | ||
|---|---|---|---|
| 005 | 20250629095142.0 | ||
| 020 | _a978-93-5084-871-5 | ||
| 082 | _a657 PRA | ||
| 100 | _aPRASAD, C .M | ||
| 245 | _aFinancial Accounting and Analysis | ||
| 260 |
_aNew Delhi _bCentrum Press _c2016. |
||
| 300 |
_aviii,280p.: ill.; figures _bBibliography, Index _c23cm |
||
| 942 |
_2ddc _cBKS |
||
| 999 |
_c6241 _d6241 |
||